[Event "Marburg op-A"]
[Site "Marburg"]
[Date "2023.10.27"]
[Round "3"]
[White "Koksch, Robert"]
[Black "Nagel, Matthias"]
[Result "1/2-1/2"]
[WhiteElo "2044"]
[BlackElo "1850"]
[PlyCount "47"]
[EventDate "2023.10.26"]
[EventType "swiss"]
[EventRounds "7"]
[EventCountry "GER"]
[SourceTitle "CB49_2023"]
[SourceDate "2023.12.06"]
[SourceVersion "1"]
[SourceVersionDate "2023.12.06"]
[SourceQuality "1"]

1. d4 d5 2. c4 e6 3. Nc3 Nf6 4. Nf3 c5 5. cxd5 Nxd5 6. e4 Nxc3 7. bxc3 cxd4 8. cxd4 Bb4+ 9. Bd2 Bxd2+ 10. Qxd2 0-0 11. Bc4 Nd7 12. 0-0 Nf6 13. Rfe1 b6 14. e5 Nd5 15. Re4 Ne7 16. Rd1 Bb7 17. Re3 Rc8 18. Bb3 Qc7 19. Nh4 Bd5 20. Rg3 Bxb3 21. axb3 Qc2 22. Qe1 Rfd8 23. f4 Qb2 24. Rgd3 1/2-1/2

[Event "Thueringen-ch"]
[Site "Jena"]
[Date "2006.04.16"]
[Round "8"]
[White "Koksch, Robert"]
[Black "Wolf, Isaak"]
[Result "1/2-1/2"]
[WhiteElo "2089"]
[BlackElo "1904"]
[PlyCount "37"]
[EventDate "2006.04.12"]
[EventType "swiss"]
[EventRounds "9"]
[EventCountry "GER"]
[SourceTitle "EXT 2007"]
[Source "ChessBase"]
[SourceDate "2006.11.23"]
[SourceVersion "1"]
[SourceVersionDate "2006.11.23"]
[SourceQuality "1"]

1. d4 d5 2. c4 e6 3. Nc3 Nf6 4. Bg5 Be7 5. Nf3 Nbd7 6. e3 0-0 7. Bd3 b6 8. 0-0 Bb7 9. Rc1 dxc4 10. Bxc4 c5 11. Qe2 Rc8 12. Rfd1 Qc7 13. Bf4 Qd8 14. d5 exd5 15. Nxd5 Nxd5 16. Bxd5 Bxd5 17. Rxd5 Qe8 18. Rcd1 Nf6 19. R5d2 1/2-1/2

[Event "Muehlhausen op"]
[Site "Muehlhausen"]
[Date "2005.05.06"]
[Round "4"]
[White "Sonntag, Hermann"]
[Black "Koksch, Robert"]
[Result "1/2-1/2"]
[WhiteElo "2050"]
[BlackElo "2098"]
[PlyCount "43"]
[EventDate "2005.05.04"]
[EventType "swiss"]
[EventRounds "7"]
[EventCountry "GER"]
[SourceTitle "EXT 2006"]
[Source "ChessBase"]
[SourceDate "2005.11.24"]
[SourceVersion "1"]
[SourceVersionDate "2005.11.24"]
[SourceQuality "1"]

1. e4 c6 2. d4 d5 3. Nc3 dxe4 4. Nxe4 Nd7 5. Nf3 Ngf6 6. Ng3 Qc7 7. Bd3 e6 8. Qe2 Bd6 9. Nf5 0-0 10. Nxd6 Qxd6 11. 0-0 Re8 12. Rd1 b6 13. Ne5 Bb7 14. Nxd7 Nxd7 15. Bg5 e5 16. dxe5 Qxe5 17. Bxh7+ Kxh7 18. Qd3+ Kg8 19. Qxd7 Ba6 20. Qd2 Qxb2 21. Be3 Qf6 22. Qd6 1/2-1/2

[Event "Boeblingen op 20th"]
[Site "Boeblingen"]
[Date "2003.12.30"]
[Round "8"]
[White "Banaszek, Marcin"]
[Black "Koksch, Robert"]
[Result "1-0"]
[WhiteElo "2243"]
[BlackElo "2089"]
[PlyCount "87"]
[EventDate "2003.12.26"]
[EventType "swiss"]
[EventRounds "9"]
[EventCountry "GER"]
[SourceTitle "CBM 097 Extra"]
[Source "ChessBase"]
[SourceDate "2004.01.13"]
[SourceVersion "1"]
[SourceVersionDate "2004.01.13"]
[SourceQuality "1"]

1. c4 c6 2. d4 d5 3. Nf3 Nf6 4. cxd5 cxd5 5. Bf4 Nc6 6. Nc3 Bf5 7. e3 e6 8. Be2 Bd6 9. Bxd6 Qxd6 10. 0-0 0-0 11. a3 Rac8 12. Rc1 a6 13. Na4 e5 14. Nc5 Rc7 15. b4 exd4 16. Nxd4 Nxd4 17. Qxd4 Qe7 18. h3 Rfc8 19. Rcd1 a5 20. g4 axb4 21. axb4 Be6 22. Bb5 h5 23. f3 hxg4 24. hxg4 b6 25. Na4 Rc2 26. Bd3 Ra2 27. Ra1 Rxa1 28. Rxa1 Bxg4 29. fxg4 Nxg4 30. Qxg4 Qxe3+ 31. Kg2 Re8 32. Rd1 Re5 33. Qc8+ Re8 34. Qh3 Qg5+ 35. Qg3 Qe7 36. Nxb6 Qxb4 37. Nxd5 Qb2+ 38. Qf2 Qe5 39. Qf5 Qb2+ 40. Kh1 f6 41. Qh7+ Kf8 42. Qh8+ Kf7 43. Bg6+ Kxg6 44. Qxe8+ 1-0

[Event "Werther Schloss op-A 9th"]
[Site "Werther"]
[Date "2003.04.13"]
[Round "5"]
[White "Becker, Martin Alexander"]
[Black "Koksch, Robert"]
[Result "1/2-1/2"]
[WhiteElo "2199"]
[BlackElo "2072"]
[PlyCount "45"]
[EventDate "2003.04.11"]
[EventType "swiss"]
[EventRounds "5"]
[EventCountry "GER"]
[SourceTitle "CBM 093 Extra"]
[Source "ChessBase"]
[SourceDate "2003.05.09"]
[SourceVersion "1"]
[SourceVersionDate "2003.05.09"]
[SourceQuality "1"]

1. e4 c6 2. d4 d5 3. e5 Bf5 4. Nc3 e6 5. g4 Bg6 6. Nge2 f6 7. Nf4 Bf7 8. Qe2 Nd7 9. exf6 Qxf6 10. g5 Qxd4 11. Nxe6 Bxe6 12. Qxe6+ Kd8 13. Bh3 Qe5+ 14. Ne2 Qxe6 15. Bxe6 Kc7 16. 0-0 Re8 17. Nf4 Bd6 18. Bh3 Nf8 19. Nd3 h6 20. Kg2 hxg5 21. Bxg5 Ne6 22. Bd2 Nf6 23. Rae1 1/2-1/2

[Event "Werther Schloss op-A 9th"]
[Site "Werther"]
[Date "2003.04.12"]
[Round "2"]
[White "Koksch, Robert"]
[Black "Unzicker, Ferdinand"]
[Result "1-0"]
[WhiteElo "2072"]
[BlackElo "2283"]
[PlyCount "51"]
[EventDate "2003.04.11"]
[EventType "swiss"]
[EventRounds "5"]
[EventCountry "GER"]
[SourceTitle "CBM 093 Extra"]
[Source "ChessBase"]
[SourceDate "2003.05.09"]
[SourceVersion "1"]
[SourceVersionDate "2003.05.09"]
[SourceQuality "1"]

1. d4 Nf6 2. c4 g6 3. Nc3 Bg7 4. e4 0-0 5. f4 d6 6. Nf3 Bg4 7. Be3 Nfd7 8. h3 Bxf3 9. Qxf3 Nc6 10. Rd1 e5 11. dxe5 dxe5 12. f5 Nd4 13. Qf2 c6 14. Bd3 Nc5 15. Bb1 Re8 16. 0-0 a5 17. Kh1 Qc7 18. Ne2 Nxe2 19. Bxc5 Nd4 20. f6 Bf8 21. Bxf8 Rxf8 22. Rxd4 exd4 23. Qd2 Kh8 24. Qh6 Rg8 25. Rf4 Qe5 26. Rh4 1-0

[Event "Werther Schloss op-A 9th"]
[Site "Werther"]
[Date "2003.04.12"]
[Round "3"]
[White "Lingnau, Carsten"]
[Black "Koksch, Robert"]
[Result "1-0"]
[WhiteElo "2430"]
[BlackElo "2072"]
[PlyCount "75"]
[EventDate "2003.04.11"]
[EventType "swiss"]
[EventRounds "5"]
[EventCountry "GER"]
[SourceTitle "CBM 093 Extra"]
[Source "ChessBase"]
[SourceDate "2003.05.09"]
[SourceVersion "1"]
[SourceVersionDate "2003.05.09"]
[SourceQuality "1"]

1. d4 d5 2. c4 c6 3. Nc3 Nf6 4. e3 e6 5. Nf3 Nbd7 6. Qc2 Be7 7. Bd3 0-0 8. 0-0 Re8 9. b3 Bd6 10. Bb2 e5 11. cxd5 cxd5 12. e4 exd4 13. Nxd4 Ne5 14. Nxd5 Nxd3 15. Qxd3 Nxe4 16. Nf3 Bg4 17. Rad1 Ng5 18. Nxg5 Qxg5 19. f4 Bxf4 20. Nxf4 Bxd1 21. Qxd1 Rad8 22. Qf3 Qc5+ 23. Kh1 Qe3 24. Qg4 g6 25. Nh5 Qe2 26. Nf6+ Kf8 27. Ba3+ Kg7 28. Nxe8+ Rxe8 29. Qf4 f5 30. h3 Re4 31. Qc7+ Kg8 32. Rc1 Qd2 33. Qc8+ Kf7 34. Rc7+ Kf6 35. Be7+ Ke5 36. Rc5+ Kf4 37. Qc7+ Ke3 38. Rc3+ 1-0

[Event "Friedrichroda op 10th"]
[Site "Friedrichroda"]
[Date "2003.02.11"]
[Round "2"]
[White "Koksch, Robert"]
[Black "Seifert, Ronny"]
[Result "1-0"]
[WhiteElo "2108"]
[BlackElo "2024"]
[PlyCount "43"]
[EventDate "2003.02.10"]
[EventType "swiss"]
[EventRounds "9"]
[EventCountry "GER"]
[SourceTitle "EXT 2004"]
[Source "ChessBase"]
[SourceDate "2003.11.25"]
[SourceVersion "1"]
[SourceVersionDate "2003.11.25"]
[SourceQuality "1"]

1. d4 d5 2. c4 e6 3. Nc3 Nf6 4. Bg5 Be7 5. e3 0-0 6. Rc1 c6 7. Nf3 Nbd7 8. Bd3 h6 9. Bf4 dxc4 10. Bxc4 Nd5 11. 0-0 N7f6 12. Be5 Nxc3 13. Rxc3 Bd6 14. Qe2 Ne4 15. Rcc1 Qe7 16. Bd3 Bxe5 17. Nxe5 Nf6 18. f4 Nd7 19. Rf3 Nxe5 20. fxe5 b6 21. Rcf1 Bb7 22. Rf6 1-0

[Event "Erlangen op 18th"]
[Site "Erlangen"]
[Date "2003.??.??"]
[Round "2"]
[White "Koksch, Robert"]
[Black "Gerbeth, Frank"]
[Result "0-1"]
[WhiteElo "1893"]
[BlackElo "1753"]
[PlyCount "52"]
[EventDate "2003.11.??"]
[EventType "swiss"]
[EventRounds "5"]
[EventCountry "GER"]
[SourceTitle "EXT 2005"]
[Source "ChessBase"]
[SourceDate "2004.11.15"]
[SourceVersion "1"]
[SourceVersionDate "2004.11.15"]
[SourceQuality "1"]

1. d4 d5 2. c4 e6 3. Nc3 f5 4. g3 Nf6 5. Bg2 c6 6. b3 Bd6 7. e3 0-0 8. Nge2 Ne4 9. 0-0 b6 10. Qd3 Bb7 11. f3 Nxc3 12. Nxc3 Na6 13. e4 fxe4 14. fxe4 Rxf1+ 15. Qxf1 c5 16. cxd5 cxd4 17. dxe6 dxc3 18. Qf7+ Kh8 19. Bh6 gxh6 20. Qxb7 Bc5+ 21. Kh1 c2 22. Qxa6 Qd1+ 23. Qf1 Rd8 24. Bf3 Qxf1+ 25. Rxf1 Ba3 26. Bh5 Rc8 0-1

[Event "Thueringen-ch HT"]
[Site "Germany"]
[Date "2002.03.28"]
[Round "2"]
[White "Kuehn, Karsten"]
[Black "Koksch, Robert"]
[Result "1/2-1/2"]
[WhiteElo "2167"]
[BlackElo "2108"]
[PlyCount "130"]
[EventDate "2002.03.??"]
[EventType "swiss"]
[EventRounds "9"]
[EventCountry "GER"]
[SourceTitle "EXT 2005"]
[Source "ChessBase"]
[SourceDate "2004.11.15"]
[SourceVersion "1"]
[SourceVersionDate "2004.11.15"]
[SourceQuality "1"]

1. e4 c6 2. d4 d5 3. Nc3 b5 4. a3 e6 5. exd5 exd5 6. Nf3 Bd6 7. Bd3 Nf6 8. Qe2+ Qe7 9. Bg5 Qxe2+ 10. Nxe2 Nbd7 11. 0-0 0-0 12. Bf4 Bxf4 13. Nxf4 Re8 14. Rfe1 Bb7 15. Bf5 g6 16. Bd3 Rxe1+ 17. Rxe1 Re8 18. Kf1 Rxe1+ 19. Kxe1 Kf8 20. Ke2 Ke7 21. c3 h6 22. Bb1 Nb6 23. Nd3 Nfd7 24. Nfe5 Nxe5 25. Nxe5 Na4 26. Nd3 Bc8 27. Bc2 Nb6 28. Ne5 Bd7 29. Kd2 Be8 30. f4 g5 31. f5 f6 32. Nd3 Nc4+ 33. Ke2 h5 34. h3 Bd7 35. g4 h4 36. Bb3 Nb6 37. Nc5 Bc8 38. Kd3 Nd7 39. Ne6 Nb6 40. Nc5 Nd7 41. Nxd7 Kxd7 42. Bd1 Kc7 43. Kc2 Kb6 44. Kb3 a5 45. Bf3 Ba6 46. Bg2 a4+ 47. Kb4 Bb7 48. Bf3 Ba8 49. Bd1 Bb7 50. b3 axb3 51. Bxb3 Ba6 52. Bd1 Bc8 53. Bf3 Ba6 54. Be2 Bc8 55. a4 bxa4 56. Kxa4 c5 57. Bf1 Bd7+ 58. Kb3 c4+ 59. Kb4 Bc6 60. Bg2 Bb7 61. Bf3 Ba8 62. Bd1 Bc6 63. Bc2 Bd7 64. Ba4 Bxa4 65. Kxa4 Ka6 1/2-1/2

[Event "Werther Schloss op-A 8th"]
[Site "Werther"]
[Date "2002.03.24"]
[Round "4"]
[White "Ahlberg, Mario"]
[Black "Koksch, Robert"]
[Result "1/2-1/2"]
[WhiteElo "1985"]
[BlackElo "2108"]
[PlyCount "40"]
[EventDate "2002.03.22"]
[EventType "swiss"]
[EventRounds "5"]
[EventCountry "GER"]
[SourceTitle "CBM 087 Extra"]
[Source "ChessBase"]
[SourceDate "2002.05.03"]
[SourceVersion "2"]
[SourceVersionDate "2002.08.09"]
[SourceQuality "1"]

1. e4 c6 2. d4 d5 3. exd5 cxd5 4. c4 Nf6 5. Nc3 e6 6. Nf3 Be7 7. cxd5 Nxd5 8. Bd3 Nc6 9. a3 Bf6 10. Bc2 0-0 11. 0-0 g6 12. Re1 Nde7 13. Bh6 Bg7 14. Bxg7 Kxg7 15. Qe2 a6 16. Rad1 b5 17. d5 Nxd5 18. Nxd5 exd5 19. Bb3 Be6 20. Nd4 Nxd4 1/2-1/2

[Event "Werther Schloss op-A 8th"]
[Site "Werther"]
[Date "2002.03.24"]
[Round "5"]
[White "Koksch, Robert"]
[Black "Hollmann, Bert"]
[Result "0-1"]
[WhiteElo "2108"]
[BlackElo "1958"]
[PlyCount "36"]
[EventDate "2002.03.22"]
[EventType "swiss"]
[EventRounds "5"]
[EventCountry "GER"]
[SourceTitle "CBM 087 Extra"]
[Source "ChessBase"]
[SourceDate "2002.05.03"]
[SourceVersion "2"]
[SourceVersionDate "2002.08.09"]
[SourceQuality "1"]

1. d4 Nf6 2. c4 e6 3. Nc3 Bb4 4. e3 0-0 5. Bd3 d5 6. Bd2 dxc4 7. Bxc4 c5 8. Nf3 Nc6 9. Ne2 Bxd2+ 10. Qxd2 cxd4 11. Nexd4 Ne4 12. Qc2 Qa5+ 13. Ke2 Nxd4+ 14. Nxd4 Qh5+ 15. f3 Nf6 16. Kf2 Bd7 17. Rad1 Rac8 18. Qb3 e5 0-1

[Event "Thueringen-ch MT"]
[Site "Finsterbergen"]
[Date "2001.04.14"]
[Round "5"]
[White "Taudte, Stefan"]
[Black "Koksch, Robert"]
[Result "1/2-1/2"]
[WhiteElo "2098"]
[BlackElo "2142"]
[PlyCount "43"]
[EventDate "2001.04.??"]
[EventType "tourn"]
[EventRounds "9"]
[EventCountry "GER"]
[SourceTitle "EXT 2005"]
[Source "ChessBase"]
[SourceDate "2004.11.15"]
[SourceVersion "1"]
[SourceVersionDate "2004.11.15"]
[SourceQuality "1"]

1. d4 d5 2. c4 c6 3. Nc3 Nf6 4. Nf3 dxc4 5. e3 b5 6. a4 b4 7. Na2 e6 8. Bxc4 a5 9. 0-0 Bb7 10. Qe2 Nbd7 11. e4 Be7 12. Ng5 h6 13. Nxe6 fxe6 14. e5 Nd5 15. Qh5+ Kf8 16. f4 Qe8 17. Qg4 Bd8 18. Bd3 h5 19. Qg3 Bb6 20. Be3 Nxe3 21. Qxe3 Ba6 22. Bxa6 1/2-1/2

[Event "Thueringen-ch MT"]
[Site "Finsterbergen"]
[Date "2001.04.13"]
[Round "4"]
[White "Koksch, Robert"]
[Black "Kraemer, Martin"]
[Result "0-1"]
[WhiteElo "2142"]
[BlackElo "2054"]
[PlyCount "93"]
[EventDate "2001.04.??"]
[EventType "tourn"]
[EventRounds "9"]
[EventCountry "GER"]
[SourceTitle "EXT 2005"]
[Source "ChessBase"]
[SourceDate "2004.11.15"]
[SourceVersion "1"]
[SourceVersionDate "2004.11.15"]
[SourceQuality "1"]

1. d4 Nf6 2. c4 g6 3. Nc3 Bg7 4. e4 d6 5. f4 0-0 6. Nf3 Na6 7. Bd3 e5 8. fxe5 dxe5 9. d5 Nc5 10. Bc2 a5 11. 0-0 Qe7 12. Bd2 Bd7 13. Qe2 Ne8 14. Rae1 b6 15. Bg5 Bf6 16. Bxf6 Nxf6 17. Qd2 Nh5 18. Qh6 f6 19. Rf2 Nf4 20. Rd2 Nb7 21. g3 Nh3+ 22. Kg2 Ng5 23. h4 Bh3+ 24. Kf2 Qc5+ 25. Ke2 Nf7 26. Qe3 Qxc4+ 27. Bd3 Qc5 28. Nb5 Rfc8 29. Rc2 Qxe3+ 30. Kxe3 Nc5 31. Nd2 Bd7 32. Bf1 Nd6 33. Nxd6 cxd6 34. Nc4 Nxe4 35. Rh2 Rxc4 36. Bxc4 Nxg3 37. Rc1 Nf5+ 38. Ke4 Rc8 39. Rc3 Nd4 40. Ba6 Rc5 41. Rxc5 bxc5 42. Rg2 Kf7 43. Rg3 Bf5+ 44. Ke3 Bb1 45. Kd2 Bxa2 46. Ra3 Bxd5 47. Rxa5 0-1

[Event "Bad Zwesten op 5th"]
[Site "Bad Zwesten"]
[Date "2001.01.05"]
[Round "6"]
[White "Kraft, Matthias"]
[Black "Koksch, Robert"]
[Result "1-0"]
[WhiteElo "2181"]
[BlackElo "2142"]
[PlyCount "60"]
[EventDate "2001.01.02"]
[EventType "swiss"]
[EventRounds "7"]
[EventCountry "GER"]
[SourceTitle "EXT 2002"]
[Source "ChessBase"]
[SourceDate "2001.11.25"]
[SourceVersion "1"]
[SourceVersionDate "2001.11.25"]
[SourceQuality "1"]

1. d4 d5 2. c4 c6 3. Nc3 Nf6 4. cxd5 cxd5 5. Nf3 Nc6 6. g3 Bf5 7. Bg2 e6 8. 0-0 Rc8 9. Bg5 Be7 10. Ne5 Nxe5 11. dxe5 Nd7 12. Bxe7 Qxe7 13. e4 dxe4 14. Bxe4 Nxe5 15. Bxf5 exf5 16. Qa4+ Kf8 17. Nd5 Qc5 18. Rac1 Qxc1 19. Rxc1 Rxc1+ 20. Kg2 Nc6 21. Qf4 Re1 22. Qd6+ Kg8 23. Qd7 h6 24. Qc8+ Kh7 25. Qxf5+ Kg8 26. Qc8+ Kh7 27. Qxb7 Nd8 28. Qxa7 Rf8 29. b4 Rd1 30. Qc5 Kg8 1-0